| 000 | 00896nam a2200241 i 4500 | ||
|---|---|---|---|
| 003 | IT-RoINE | ||
| 005 | 20181002091823.0 | ||
| 008 | 900725s1979 sp r 1 |dspa d | ||
| 020 | _a8485691016 | ||
| 040 |
_aSpMaBN _bspa _cA2 IT-RoINE _dIT-RoINE |
||
| 110 | 2 |
_aFundación Pablo Iglesias (Madrid, España) _921686 |
|
| 245 | 1 | 0 |
_aHomenaje a Pablo Iglesias / _cFundación Pablo Iglesias. |
| 260 |
_aMadrid : _bEditorial Pablo Iglesias, Sección de Estudios e Investigaciones, _c1979. |
||
| 300 |
_a203 p. ; _c22 cm. |
||
| 336 |
_2rdacontent _atext |
||
| 337 |
_2rdamedia _aunmediated |
||
| 338 |
_2rdacarrier _avolume |
||
| 500 | _aPrecede al tít.: Año del Centenario. | ||
| 600 | 1 | 4 |
_aIglesias, Pablo, _d1850-1925 _xCrítica e interpretación _952831 |
| 650 | 4 |
_aSocialismo _zEspaña _vDiscursos, ensayos, conferencias _952832 |
|
| 700 | 1 |
_aIglesias, Pablo, _d1850-1925 _935516 |
|
| 942 | _cMTS | ||
| 999 |
_c26759 _d26759 |
||